000 00260nam a2200109Ia 4500
008 201210s9999 xx 000 0 und d
100 _aHayes, Jr. Samuel P.
245 0 _aEvaluating Development Projects
260 _aHague
_bUNESCO
300 _a116
942 _cBK
999 _c5267
_d5267